MF DOOM Songs by Lyrics - Statistics

General Stats
  • This quiz has been taken 140 times
  • The average score is 9 of 20
Answer Stats
Lyrics Answer % Correct
"Tripping off the beat kinda, drippin off the meat grinder." Meat Grinder
93%
"There's only one beer left, rappers screaming all in our ears like we're deaf." One Beer
93%
"Rap snitches, telling all their business, sit in the court and be their own star witness." Rapp Snitch Knishes
77%
"So nasty that it's probably somewhat of a travesty having me Daily told the people you can call me your majesty." All Caps
75%
"Ever since the womb till I'm back where my brother went, that's what my tomb will say." Doomsday
65%
"Living off borrowed time the clock ticks faster." Accordion
58%
"Ayo y'all can't stand here, in his right hand was a man's worst nightmare." Rhymes Like Dimes
53%
"How DOOM hold heat and preach non-violence, SHH he about to start the speech, cmon, silence." Raid
50%
"The rest is empty with no brain, but the clever nerd, the best MC with no ya ever heard." Figaro
46%
"He hear it in his sleep sometimes blare it in your jeep so your peoples can stare at them rhymes." Vomitspit
39%
"I'm not romping around he better be ready and prepared to be stomped in the ground." Fancy Clown
36%
"They just tryna get a nut like squirrels in this mad world." Curls
31%
"That's three different flavors, chocolate, vanilla, and strawberry wafers." Kookies
31%
"He spit on the mic, yuck, saliva." Saliva
30%
"Who don't give a flyin' fuck who ain't not feelin' him, watch what ya dealin' him, ace, king, death card." Vaudeville Villain
22%
"Sometimes I spit so many verses my jaw twitches." Great Day
21%
"Wreak havoc, beep beep it's mad traffic." Strange Ways
19%
"Don't mind me, I wrote this rhyme lightly off of two or three Heines, and boy was they fine, G." Money Folder
15%
"Studied black magic for years out in no man's land." The Drop
8%
"Then check in your little cash flow or give my ***** back his Hasbro." Never Dead
3%
No matching quizzes found
Score Distribution
Percent of People with Each Score
Percentile by Number Answered
Your Score History
You have not taken this quiz